000 00509nam a22001817a 4500
005 20230403160653.0
008 230401b |||||||| |||| 00| 0 eng d
020 _a978-142008643-0
041 _aeng
082 _a615.19 NEM-P
100 _aNEMA,SANDEEP AND LUDWIG, JOHN D.
_97740
245 _aPHARMACEUTICAL DOSAG FORMS : PARENTERAL MEDICATION VOL- 1 FORMULATION AND PACKAGING
250 _a3rd ed.
260 _bINFORMA
300 _a405;P.
650 _aPHARMACY
_xB. PHARMA
_97741
942 _cBK
999 _c8281
_d8279